| 000 | 00857nam a2200181 4500 | ||
|---|---|---|---|
| 001 | 125881 | ||
| 003 | ES-MaACL | ||
| 005 | 20250811063218.0 | ||
| 007 | t| | ||
| 008 | 070214s1933 sp r ||||1| spa d | ||
| 110 | 1 |
_aEspaña. _bDirección General de Ganadería e Industrias Pecuarias _93740 |
|
| 245 | 1 | 0 |
_aReglamento de libros genealógicos y de comprobación de rendimiento lacteo _b: aprobado por Orden de 23 de marzo de 1933. |
| 260 |
_aMadrid : _b[s. n.], _c1933 ( _fImp. Viuda de M. de Navarro) |
||
| 300 |
_a124 p. : _bil. ; _c24 x 17 cm. |
||
| 500 | _aPrecede al tít.: Ministerio de Agricultura... Sección de Fomento Pecuario, Investigación y Contratación --- En la cub.: Anexos e instrucciones para el servicio --- Orden publicada en la Gaceta de 29 de marzo de 1933. | ||
| 852 |
_aES-MaACL _j1782-F-18 |
||
| 999 |
_c125881 _d125881 |
||